Central Library OPAC University of Rajshahi

Planning and management of water resources : (Record no. 58506)

MARC details
000 -LEADER
fixed length control field 00983nam a2200265 a 4500
001 - CONTROL NUMBER
control field 58506
003 - CONTROL NUMBER IDENTIFIER
rucl marc code BD-RjUL
005 - DATE AND TIME OF LATEST TRANSACTION
control field 20211209080629.0
008 - FIXED-LENGTH DATA ELEMENTS--GENERAL INFORMATION
fixed length control field 161218s1999 bg b b 001 0 eng
020 ## - INTERNATIONAL STANDARD BOOK NUMBER
International Standard Book Number 9840515101
035 ## - SYSTEM CONTROL NUMBER
System control number BD-RjUL58630
040 ## - CATALOGING SOURCE
Original cataloging agency DLC
Transcribing agency DLC
Language of cataloging eng
041 ## - LANGUAGE CODE
Language code of text/sound track or separate title eng
082 ## - DEWEY DECIMAL CLASSIFICATION NUMBER
Edition number 23
Classification number 333.7095492
Author mark and year PLA 1999
245 00 - TITLE STATEMENT
Title Planning and management of water resources :
Remainder of title lessons from two decades of early implementation projects, Bangladesh /
Statement of responsibility, etc. edited by Anjan K. Datta.
260 ## - PUBLICATION, DISTRIBUTION, ETC. (IMPRINT)
Place of publication, distribution, etc. Dhaka :
Name of publisher, distributor, etc. University Press,
Date of publication, distribution, etc. 1999.
300 ## - PHYSICAL DESCRIPTION
Pagination xxiii, 172 p. :
Illustrations ill. ;
Size 21 cm.
504 ## - BIBLIOGRAPHY, ETC. NOTE
Bibliography, etc Includes bibliographical references (p. [159]-166) and index.
650 #0 - SUBJECT ADDED ENTRY--TOPICAL TERM
Topical term or geographic name as entry element Water resources development
General subdivision Government policy
Geographic subdivision Bangladesh.
9 (RLIN) 173795
Topical term or geographic name as entry element Water quality management
Geographic subdivision Bangladesh.
9 (RLIN) 173796
Topical term or geographic name as entry element Drinking water
General subdivision Economic aspects
Geographic subdivision Bangladesh.
9 (RLIN) 173797
700 1# - ADDED ENTRY--PERSONAL NAME
Personal name Datta, Anjan Kumar.
942 ## - ADDED ENTRY ELEMENTS (KOHA)
Source of classification or shelving scheme Dewey Decimal Classification
Koha item type Books
Holdings
Lost status Source of classification or shelving scheme Damaged status Not for loan Collection code Permanent Location Current Location Shelving location Date acquired Total Checkouts Full call number Date last seen Copy number Koha item type
  Dewey Decimal Classification   Not For Loan Non-fiction Central Library, University of Rajshahi Central Library, University of Rajshahi Reading Room 24/09/2000   333.7095492 PLA 1999 18/12/2016 C-1 Books